Albert's special day / (Record no. 9835)

MARC details
000 -LEADER
fixed length control field 01156nam a22002897a 4500
001 - CONTROL NUMBER
control field 9835
003 - CONTROL NUMBER IDENTIFIER
control field FISKH
005 - DATE AND TIME OF LATEST TRANSACTION
control field 20260304093710.0
008 - FIXED-LENGTH DATA ELEMENTS--GENERAL INFORMATION
fixed length control field 260304b cb ||||| |||| 00| 0 eng d
040 ## - CATALOGING SOURCE
Original cataloging agency FISKH
Language of cataloging eng
Transcribing agency FISKH
Modifying agency FISKH
050 ## - LIBRARY OF CONGRESS CALL NUMBER
Classification number PZ7 .P4324 .A
082 ## - DEWEY DECIMAL CLASSIFICATION NUMBER
Classification number 813.6
100 ## - MAIN ENTRY--PERSONAL NAME
Personal name Perle, Ruth Lerner
Relator term Author
245 ## - TITLE STATEMENT
Title Albert's special day /
Statement of responsibility, etc. Ruth Lerner Perle ; illustrated by Deborah Colvin Borgo
260 ## - PUBLICATION, DISTRIBUTION, ETC.
Place of publication, distribution, etc. Danbury :
Name of publisher, distributor, etc. Grolier Enterprises Inc. ,
Date of publication, distribution, etc. 1990
300 ## - PHYSICAL DESCRIPTION
Extent 24 unnumbered pages :
Other physical details color illustrations ;
Dimensions 23 cm
490 ## - SERIES STATEMENT
Series statement AlphaPets
Volume/sequential designation Book 1
505 ## - FORMATTED CONTENTS NOTE
Formatted contents note G<br/>
520 ## - SUMMARY, ETC.
Summary, etc. In this story, Albert the absent-minded Alligator remembers that it's a special day-but he can't remember why. His absent-mindedness gets him into one predicament after another until, with some help from his AlphaPet friends, he finally discovers what makes this special indeed.
521 8# - TARGET AUDIENCE NOTE
Target audience note 300<br/>
Source Lexile estimate<br/>
521 8# - TARGET AUDIENCE NOTE
Target audience note G<br/>
Source Raz-Plus<br/>
650 ## - SUBJECT ADDED ENTRY--TOPICAL TERM
Topical term or geographic name entry element Alligators
Form subdivision Juvenile fiction
650 ## - SUBJECT ADDED ENTRY--TOPICAL TERM
Topical term or geographic name entry element Alligators and crocodiles
Form subdivision Alpha Pets
700 ## - ADDED ENTRY--PERSONAL NAME
Personal name Borgo, Deborah Colvin
Relator term Illustrator
942 ## - ADDED ENTRY ELEMENTS (KOHA)
Source of classification or shelving scheme Dewey Decimal Classification
Koha item type Books
Suppress in OPAC No
Holdings
Withdrawn status Lost status Source of classification or shelving scheme Damaged status Not for loan Collection Home library Current library Shelving location Date acquired Total Checkouts Full call number Barcode Date last seen Copy number Price effective from Koha item type
    Dewey Decimal Classification     Juvenile Fiction Footprints International School Library Network Toul Tom Poung Campus Footprints International School Library Network Toul Tom Poung Campus TTP Primary Green Bookshelves 03/04/2026   PER 813.6 PZ7 .P4324 .A FIS02494 03/04/2026 1 03/04/2026 Books